Регионална библиотека "Любен Каравелов" - Русе

Най-лошите учители на света (Запис номер 505237)

MARC детайли
000 -Лидер
Лидер 01194nam a2200289 a 4500
003 - Код на организацията, давaща контролен номер
Код на организацията, даваща контролен номер BLK
005 - Дата и час на последна редакция
Дата и час на последна редакция 20250729111119.0
008 - Елементи от данни с фиксирана дължина
Елементи с фиксирана дължина 210914b bul|||||r ||||||| ||bul||
020 ## - Международен стандартен номер на книга ISBN
ISBN 9786197560220
040 ## - Източник на каталожния запис
Код на библиотеката BLK
041 ## - Код за език
Език Български
Език за КДБФ Български
080 ## - УДК
УДК текст Английска литература
УДК код 821.111
УДК – определител -93-31
УДК – код + определител 821.111-93-31
100 1# - Редна дума - Автор
Автор Уолямс, Дейвид
R(LIN) 133018
245 10 - Сведения за заглавието
Заглавие Най-лошите учители на света
Авторска отговорност Дейвид Уолямс ; ил. Тони Рос ; прев. Михаил Балабанов.
257 ## - Страна на издаване
Страна на създаване/издаване Великобритания
260 ## - Област на издателските данни
Място на издаване София
Име на издателя ДУО ДИЗАЙН
Година на издаване 2023
9 (RLIN) 210424
Издателство - префикс ISBN 978-954-8396- ; 954-90316-
Печатница София : Инвестпринт
300 ## - Физическа характеристика
Брой страници 312 с.
Илюстрации с ил.
Размер 20 см
380 ## - Жанр
Жанр Детска худож. лит.
500 ## - Общи забележки
Обща забележка Ориг. загл.: The world's worst teachers / David Walliams
700 ## - Други автори (авторска отговорност)
Друг автор Балабанов, Михаил
Авт. отговорност на др. автор прев. от англ.
9 (RLIN) 266275
700 ## - Други автори (авторска отговорност)
Друг автор Рос, Тони
Авт. отговорност на др. автор ил.
9 (RLIN) 383259
852 ## - Местоположение
Сигнатура (форматна) Цб 325488
Отдел Хранилище
942 ## - АРТИКУЛИ
Вид на библиотечния документ Книги
Скрит в OPAC Не
Koha issues (borrowed), all copies 82
Периодичен библиозапис Да
944 ## - СЪЗДАВАНЕ И РЕДАКЦИЯ на ЗАПИСА
Дата на регистрацията/редакция Нора Радева
Служител, извършил регистрацията/редакцията 30551
Номер на служител Бояна Костадинова
999 ## - СИСТЕМНИ КОНТРОЛНИ НОМЕРА
Koha biblionumber 505237
Koha biblioitemnumber 505237
999 ## - СИСТЕМНИ КОНТРОЛНИ НОМЕРА
Koha biblioitemnumber 505237
Наличности
Код за отписване Код за изгубен артикул Източник на класификационната схема Код за повреда Код за отдаване Артикулен № Име на библиотеката - собственик Име на библиотеката, в която се намира в момента Статус (Текущо местоположение) Дата на вписване в системата Местоположение - отдел Цена в лева Инвентарен номер Систематично азбучна сигнатура Баркод Цена в евро Служебен тип на артикула Коз за рестрикции
  Не е изгубен Universal Decimal Classification Не е повреден заемане за дома 940867 Регионална библиотека "Любен Каравелов" Русе Регионална библиотека "Любен Каравелов" Русе Детски отдел 2024-03-11 Детски отдел 24.42 120000899895 821-93/У 69 Д 120000899895 12.49 Книги  
  Не е изгубен Universal Decimal Classification Не е повреден заемане за дома 940868 Регионална библиотека "Любен Каравелов" Русе Регионална библиотека "Любен Каравелов" Русе Детски отдел 2024-03-11 Детски отдел 24.42 120000899896 821-93/У 69 Д 120000899896 12.49 Книги  
  Не е изгубен Universal Decimal Classification Не е повреден ползва се в читалня 956738 Регионална библиотека "Любен Каравелов" Русе Регионална библиотека "Любен Каравелов" Русе Хранилище 2025-01-02 Хранилище 35.90 120000915611 Цб 325488 120000915611 18.36 Книги само за читалня
Vip Innovations Ltd, Rousse, Bulgaria 2025